00676cam a2200217 a 450000100100000000500170001000800410002702000150006804100380008308200180012110000330013924000320017224500390020426000330024330000210027653400400029765000480033765000260038570000340041104000130044500000409320200929150712.0800515s1980 mx 000 1 spa  a970050902817aspaheng2Código de idioma MARC a813.54bW187s1 aWallace, Irving,d1916-1990.14aThe Second Lady.lEspañol14aLa segunda dama /cIrving Wallace. aMéxico :bGrijaldo,c1980. a415 p. ;c17 cm. pTítulo original:tThe Second Lady 4aLiteratura estadounidenseySIGLO XXvNOVELA 4aNovela estadounidense1 aMenini, María Antonia,etr. aDO-SdBNP